书目信息 |
| 题名: |
棱镜调整
|
|
| 作者: | 连铜淑 著 | |
| 分册: | ||
| 出版信息: | 北京 国防工业出版社 1978 |
|
| 页数: | 246页 | |
| 开本: | 20cm | |
| 丛书名: | ||
| 单 册: | ||
| 中图分类: | TH74 | |
| 科图分类: | ||
| 主题词: | 棱镜--调整 | |
| 电子资源: | ||
| ISBN: | ||
| 000 | 00566nam0 2200217 45 | |
| 001 | 0178002422 | |
| 005 | 20060414090601.68 | |
| 010 | @dCNY1.00 | |
| 091 | @a15034.1683 | |
| 100 | @a19950731d1978 em y0chiy0121 ea | |
| 101 | 0 | @achi |
| 102 | @aCN@b110000 | |
| 105 | @ay z 000yy | |
| 200 | 10 | @a棱镜调整@Aleng jing tiao zheng@f连铜淑著@Flian tong shu zhu |
| 210 | @a北京@c国防工业出版社@d1978 | |
| 215 | @a246页@d20cm | |
| 606 | @a棱镜@x调整 | |
| 690 | @aTH74@v4 | |
| 701 | 0 | @a连铜淑@Alian tong shu@4著 |
| 801 | 0 | @aCN@bTSSF@c20060414 |
| 905 | @a10447@dTH74@e2 | |
| 棱镜调整/连铜淑著.-北京:国防工业出版社,1978 |
| 246页;20cm |
| ISBN :CNY1.00 |
| ● |
| 相关链接 |
|
|
|
|
正题名:棱镜调整
索取号:TH74/2
 
预约/预借
| 序号 | 登录号 | 条形码 | 馆藏地/架位号 | 状态 | 备注 |
| 1 | 0003622 | 202259242 | 密集书库/ [索取号:TH74/2] | 在馆 | |
| 2 | 0003623 | 202259215 | 密集书库/ [索取号:TH74/2] | 在馆 | |
| 3 | 0003625 | 202259251 | 密集书库/ [索取号:TH74/2] | 在馆 |